000 00804nam a2200265Ia 4500
001 Para_1770
003 CHAP
008 220125s1996 xx 000 0 und d
010 _a200402
040 _cCHAP
082 _aPA 632.58 C6c 1996
111 _aCongreso Nacional de la Ciencia de la Maleza (17:1996:Ixtapa, Zihuatanejo)
_9165266
245 _aCurso precongreso /
_c por Asociación Mexicana de la Ciencia de la Maleza
260 _aIxtapa, Zihuatanejo :
_b La Asociación
300 _a96 p.
650 _aMalas hierbas
_x congresos
_970010
650 _aMalas hierbas
_x control
_970011
901 _aPA 632.58 C6C 1996
902 _aA
905 _a0000001996 0000000000 00
910 _a1996
942 _cPARA
942 _cPARA
_d1
999 _c200402
_d200402